Statistics for Colours of suits used in Power Rangers

Click here to take the quiz!

General Stats

  • This quiz has been taken 2,578 times
  • The average score is 11 of 13

Answer Stats

Answer% Correct
Red
100%
Blue
99%
Yellow
99%
Black
98%
Green
98%
Pink
98%
Gold
92%
White
91%
Purple
89%
Silver
88%
Orange
77%
Grey
53%
Cyan
46%

Score Distribution

Percentile by Number Answered

Percent of People with Each Score

Your Score History

You have not taken this quiz